| 000 | 00957nam a22002777a 4500 | ||
|---|---|---|---|
| 003 | OSt | ||
| 005 | 20140310184529.0 | ||
| 008 | 140108t xxu||||| |||| 00| 0 eng d | ||
| 050 |
_aQC 21.5 _b.G34 2006 |
||
| 100 |
_aGaneri, Anita _914323 |
||
| 245 |
_aI wonder why the sea is salty and other questions about the ocean _cAnita Ganeri. |
||
| 260 |
_aNew York: _bKingfisher Publications, _cc1995. |
||
| 300 |
_a32 p. : _bcol. ill. ; _c29 cm. |
||
| 440 |
_aI wonder why _930489 |
||
| 500 | _aIncludes index. | ||
| 650 |
_aOcean _xJuvenile literature. _930490 |
||
| 650 |
_aMarine ecology _xJuvenile literature. _930491 |
||
| 650 |
_aMarine animals _xJuvenile literature. _930492 |
||
| 650 |
_aOcean _xMiscellanea. _930493 |
||
| 650 |
_aMarine ecology _xMiscellanea. _930494 |
||
| 650 |
_aEcology _vMiscellanea. _930495 |
||
| 650 |
_aMarine animals _xMiscellanea. _930496 |
||
| 650 |
_aQuestions and answers. _94945 |
||
| 942 |
_2lcc _cGR |
||
| 999 |
_c35189 _d35189 |
||